000 00615nam a2200193 i 4500
001 148700
003 ES-MaACL
005 20231222063055.0
007 t|
008 070214s1964 sp |||| | spa d
100 1 _aSuárez Rodríguez, José Luis,
_d1931-2020
_9108655
245 1 0 _aFilosofía de la educación /
_cJosé Luis Suárez Rodríguez.
260 _aMadrid :
_bRevista Calasancia,
_c1964.
300 _a9 p. ;
_c24 cm.
595 _aSeparata de: Revista Calasancia, n. 37.
650 0 4 _aEducación-
_xFilosofía-
_yS.XX.
_912080
852 _aES-MaACL
_j2039-F-17
999 _c148700
_d148700